000 00575nam a2200229Ia 4500
003 BUBTL
008 151213s9999 xx 000 0 und d
020 _a0-538-83176-6
082 _a658.848
_bAKM
100 _aS.H. Akhter
245 _aGlobal Marketing
_cS.H. Akhter
250 _a1st
260 _aOhio
_bSouth Western
_c1994
300 _a[xxii], 634p. :
_bill, Table ; 25cm.
_cMarketing.
500 _aIncludes Index.
650 _aMarkeing
650 _aMarketing
700 _aS.H. Akhter
856 _k0
_l0
_yDownload
942 _2ddc
_cBK
999 _c1828
_d1828